Hate /

Salvato in:
Dettagli Bibliografici
Autore principale: Grandtner, Teodor (Autore)
Natura: Libro
Lingua:slovacco
Pubblicazione: Bratislava : SVŠT v Bratislave, 1990
Edizione:2.vyd.
Tags: Aggiungi Tag
Nessun Tag, puoi essere il primo ad aggiungerne!!

MARC

LEADER 00000nam a22000003a 4500
001 stu26340
005 20150617225745.6
008 910514s1990----cs------------------slo-d
020 |a 80-227-0326-5 
040 |a STU  |b slo 
041 0 |a slo 
044 |a cs 
080 |a 627.415 
100 1 |a Grandtner, Teodor  |4 aut 
245 1 |a Hate /  |c [aut]Grandtner,Teodor 
250 |a 2.vyd. 
260 |a Bratislava :  |b SVŠT v Bratislave,  |c 1990 
300 |a 232 s 
996 |b 284V029713  |c V*39853/O-16876a  |l VVT  |s A  |a 24  |w stu26340_0001 
996 |b 284V034932  |c V*43123/S-12  |l VVS  |s A  |a 24  |w stu26340_0002 
996 |b 284V014137  |c V*40519/S-03  |l VVS  |s A  |a 24  |w stu26340_0003